Letter to the Philippians {ch} / (Record no. 42625)
[ view plain ]
| 000 -LEADER | |
|---|---|
| fixed length control field | 01424nam a2200349Ia 4500 |
| 001 - CONTROL NUMBER | |
| control field | ocn962492548 |
| 003 - CONTROL NUMBER IDENTIFIER | |
| control field | OSt |
| 005 - DATE AND TIME OF LATEST TRANSACTION | |
| control field | 20250916141823.0 |
| 008 - FIXED-LENGTH DATA ELEMENTS--GENERAL INFORMATION | |
| fixed length control field | 161114s2016 cau b 000 0 chi d |
| 020 ## - INTERNATIONAL STANDARD BOOK NUMBER | |
| International Standard Book Number | 9781939251268 |
| 020 ## - INTERNATIONAL STANDARD BOOK NUMBER | |
| International Standard Book Number | 1939251265 |
| 040 ## - CATALOGING SOURCE | |
| Original cataloging agency | LGV |
| Transcribing agency | LGV |
| 041 1# - LANGUAGE CODE | |
| Language code of text/sound track or separate title | chi |
| Language code of original and/or intermediate translations of text | eng |
| 100 1# - MAIN ENTRY--PERSONAL NAME | |
| Personal name | Hansen, G. Walter, |
| Dates associated with a name | 1946- |
| 245 10 - TITLE STATEMENT | |
| Linkage | 880-01 |
| Title | Letter to the Philippians {ch} / |
| Statement of responsibility, etc | G. Walter Hansen |
| 250 ## - EDITION STATEMENT | |
| Linkage | 880-02 |
| Edition statement | Chu ban. |
| 260 ## - PUBLICATION, DISTRIBUTION, ETC. (IMPRINT) | |
| Linkage | 880-03 |
| Place of publication, distribution, etc | South Pasedena, Calif. : |
| Name of publisher, distributor, etc | Meiguo mai zhong chuan dao hui = A Kernel of Wheat Christian Ministries, |
| Date of publication, distribution, etc | 2016. |
| 300 ## - PHYSICAL DESCRIPTION | |
| Extent | 558 pages ; |
| Dimensions | 24 cm. |
| 440 ## - SERIES STATEMENT/ADDED ENTRY--TITLE | |
| Title | Pillar New Testament Commentary |
| 490 1# - SERIES STATEMENT | |
| Linkage | 880-04 |
| Series statement | Mai zhong sheng jing zhu shi |
| 500 ## - GENERAL NOTE | |
| General note | Translation of: The letter to the Philippians / G. Walter Hansen; The Pillar New Testament commentary; Grand Rapids, Mich. : William B. Eerdmans, c2009. |
| 504 ## - BIBLIOGRAPHY, ETC. NOTE | |
| Bibliography, etc | Includes bibliographical references (p. 20-44). |
| 630 00 - SUBJECT ADDED ENTRY--UNIFORM TITLE | |
| Uniform title | Bible. |
| Name of part/section of a work | Philippians |
| Form subdivision | Commentaries. |
| 700 1# - ADDED ENTRY--PERSONAL NAME | |
| Linkage | 880-05 |
| Personal name | Zhou Yu, Yunxiang. |
| 880 10 - ALTERNATE GRAPHIC REPRESENTATION | |
| Linkage | 245-01 |
| a | 腓立比書 / |
| c | 作者韓森 = G. Walter Hansen; 譯者周俞雲翔. |
| 880 ## - ALTERNATE GRAPHIC REPRESENTATION | |
| Linkage | 250-02 |
| a | 初版. |
| 880 ## - ALTERNATE GRAPHIC REPRESENTATION | |
| Linkage | 260-03 |
| a | South Pasedena, Calif. : |
| b | 美國麥種傳道會 = A Kernel of Wheat Christian Ministries, |
| c | 2016. |
| 880 1# - ALTERNATE GRAPHIC REPRESENTATION | |
| Linkage | 490-04 |
| a | 麥種聖經註釋 |
| 880 1# - ALTERNATE GRAPHIC REPRESENTATION | |
| Linkage | 700-05 |
| a | 周俞雲翔. |
| 880 #0 - ALTERNATE GRAPHIC REPRESENTATION | |
| Linkage | 830-06 |
| a | 麥種聖經註釋. |
| 942 ## - ADDED ENTRY ELEMENTS (KOHA) | |
| Source of classification or shelving scheme | Library of Congress Classification |
| Item type | Books |
| Withdrawn status | Lost status | Source of classification or shelving scheme | Damaged status | Not for loan | Home library | Current library | Shelving location | Date acquired | Inventory number | Total Checkouts | Full call number | Barcode | Date last seen | Price effective from | Koha item type | Cost, normal purchase price | Copy number | Public note |
|---|---|---|---|---|---|---|---|---|---|---|---|---|---|---|---|---|---|---|
| Library of Congress Classification | BSOP Library | BSOP Library | Reference Chinese | 07/18/2018 | C-15209 | BS2705.3 H19 2016 | 00050509 | 07/18/2018 | 07/18/2018 | Books | ||||||||
| Library of Congress Classification | BSOP Library | BSOP Library | Reference Chinese | 03/23/2025 | C-16527 | BS2705.3 H19 2016 | 00062217 | 09/02/2025 | 09/02/2025 | Books | 930.00 | c.2 | AKOWCM, Co |
